Vista normal
Vista MARC
Entrada Materia (personas)
Número de registros utilizados en: 3
001 - CONTROL NUMBER
- control field: 87050
003 - CONTROL NUMBER IDENTIFIER
- control field: Co-BoUCM
005 - DATE AND TIME OF LATEST TRANSACTION
- control field: 20170831154803.0
008 - FIXED-LENGTH DATA ELEMENTS
- fixed length control field: 170831|| aca||aabn | a|a d
040 ## - CATALOGING SOURCE
- Original cataloging agency: Co-BoUCM
- Transcribing agency: Co-BoUCM
100 ## - HEADING--PERSONAL NAME
- Personal name: Rodgers, Dennis
670 ## - SOURCE DATA FOUND
- Source citation: Work cat.: (Co-BoUCM)307042: Global gangs, 2014